ممنوع التصادم للربابنه و ضباط الملاحه : (رقم التسجيلة. 4662)

تفاصيل مارك
000 -LEADER
fixed length control field 00819nam a22002057a 4500
005 - DATE AND TIME OF LATEST TRANSACTION
control field 20251108164135.0
008 - FIXED-LENGTH DATA ELEMENTS--GENERAL INFORMATION
fixed length control field 250721s1995 xx 000 0 ara d
082 14 - DEWEY DECIMAL CLASSIFICATION NUMBER
Classification number 341.57/ناض
100 1# - MAIN ENTRY--PERSONAL NAME
Personal name الناضوري، حسن محمد
245 10 - TITLE STATEMENT
Title ممنوع التصادم للربابنه و ضباط الملاحه :
Remainder of title عن القواعد الدولية لمنع التصادم في البحار 1972 و تعديلاتها 1981/1991 /
250 ## - EDITION STATEMENT
Edition statement ط2.
264 1# - PRODUCTION, PUBLICATION, DISTRIBUTION, MANUFACTURE, AND COPYRIGHT NOTICE
Place of production, publication, distribution, manufacture القاهرة :
Name of producer, publisher, distributor, manufacturer الأكاديميه العربيه للنقل البحري،
Date of production, publication, distribution, manufacture, or copyright notice 1995.
300 ## - PHYSICAL DESCRIPTION
Extent 308ص
500 ## - GENERAL NOTE
General note الكتاب باللغتين العربيه و الإنجليزيه
650 17 - SUBJECT ADDED ENTRY--TOPICAL TERM
Topical term or geographic name as entry element القانون البحري
650 17 - SUBJECT ADDED ENTRY--TOPICAL TERM
Topical term or geographic name as entry element النقل البحري
650 17 - SUBJECT ADDED ENTRY--TOPICAL TERM
Topical term or geographic name as entry element الإرشادات
942 ## - ADDED ENTRY ELEMENTS (KOHA)
Source of classification or shelving scheme Dewey Decimal Classification
Koha item type كتب
المقتنيات
حالة السحب حالة الفقدان مصدر التصنيف حالة التلف غير قابل للإعارة المكتبة الرئيسية المكتبة الحالية موقع الرف تاريخ التزويد الرقم المتسلسل Total Checkouts رقم الإستدعاء الباركود تاريخ آخر ظهور تاريخ الفاتورة نوع المادة (كوها)
    Dewey Decimal Classification     مكتبة الأميرة ايمان العامة مكتبة الأميرة ايمان العامة الإعارة 18/12/2013 [3975]   341.57/ناض PLD00290459 28/07/2025 18/12/2013 كتب
Implemented & Customized by: BBB with SCIT (Smart Chains for Information Technology)

Powered by Koha